[Event "the slow yearsend knockout"]
[Site "SchemingMind.com"]
[Date "2016.12.11"]
[Round "-"]
[White "Thomas Jacob Kelly"]
[Black "frankly"]
[Result "0-1"]
[WhiteCountry "USA"]
[BlackCountry "ENG"]
[WhiteElo "1763"]
[WhiteRD "99"]
[BlackElo "2509"]
[BlackRD "60"]
[GameID "407757"]

1. e4 c5 2. Nf3 Nc6 3. d4 cxd4 4. Nxd4 Nf6 5. Nc3 e5 6. Ndb5 d6 7. Nd5 Nxd5 8. exd5 Ne7 9. Be3 a6 10. Nc3 Nf5
11. Bd3 Nxe3 12. fxe3 Qb6 13. Qc1 Be7 14. O-O O-O 15. a4 f5 16. a5 Qc5 17. Kh1 e4 18. Be2 Bg5 19. Nd1 Qxd5 20. b3 Qe5
21. Ra4 Bd7 22. Rd4 Qxd4
0-1

[Event "the slow yearsend knockout"]
[Site "SchemingMind.com"]
[Date "2016.12.11"]
[Round "-"]
[White "frankly"]
[Black "Thomas Jacob Kelly"]
[Result "1-0"]
[WhiteCountry "ENG"]
[BlackCountry "USA"]
[WhiteElo "2509"]
[WhiteRD "60"]
[BlackElo "1763"]
[BlackRD "99"]
[GameID "407758"]

1. d4 Nf6 2. c4 e6 3. Nf3 c5 4. d5 exd5 5. cxd5 Qc7 6. Nc3 a6 7. e4 Bd6 8. Bg5 b5 9. Qe2 Ng4 10. e5 Nxe5
11. Nxe5 Bxe5 12. f4 f6 13. Bh4 g5 14. fxe5 gxh4 15. exf6+ Kf7 16. Qe7+ Kg6 17. Qg7+ Kf5 18. Bd3+ Ke5 19. f7+ Kf4 20. Rf1+
1-0

[Event "the slow yearsend knockout"]
[Site "SchemingMind.com"]
[Date "2017.01.02"]
[Round "-"]
[White "fu_manchu"]
[Black "Aba"]
[Result "1-0"]
[WhiteCountry "CAN"]
[BlackCountry "ISR"]
[WhiteElo "1874"]
[WhiteRD "68"]
[BlackElo "1751"]
[BlackRD "80"]
[GameID "408825"]

1. d4 Nf6 2. c4 g6 3. Nc3 Bg7 4. e4 d6 5. Nf3 O-O 6. Be2 e5 7. d5 a5 8. O-O Nbd7 9. Bg5 h6 10. Bh4 g5
11. Bg3 Nc5 12. Qc2 b6 13. a3 Nh5 14. b4 axb4 15. axb4 Rxa1 16. Rxa1 Nd7 17. Nb5 Nxg3 18. hxg3 Nf6 19. Ra8 Qe7 20. Ra7 Ne8
21. Nh2 f5 22. exf5 Bxf5 23. Qd2 Rf7 24. Ng4 h5 25. Ne3 g4 26. Nxf5 Rxf5 27. Bd3 e4 28. Bc2 Re5 29. Nd4 Qf6 30. Ra8 Kf7
31. Nc6 Rg5 32. Bxe4 Bh6 33. Nd8+ Ke7 34. Qe2 Kd7 35. c5 dxc5 36. Qb5+ Ke7 37. Ne6 Rg8 38. Rd8 Qa1+ 39. Kh2 h4 40. Qd7+ Kf6
41. Rxe8 hxg3+ 42. fxg3
1-0

[Event "the slow yearsend knockout"]
[Site "SchemingMind.com"]
[Date "2017.01.02"]
[Round "-"]
[White "Aba"]
[Black "fu_manchu"]
[Result "0-1"]
[WhiteCountry "ISR"]
[BlackCountry "CAN"]
[WhiteElo "1752"]
[WhiteRD "76"]
[BlackElo "1867"]
[BlackRD "69"]
[GameID "408826"]

1. e4 c5 2. Nf3 d6 3. d4 cxd4 4. Nxd4 Nf6 5. Nc3 e5 6. Bb5+ Bd7 7. Nf3 a6 8. Bc4 Be7 9. h3 O-O 10. Be3 b5
11. Bb3 Nc6 12. a3 Rc8 13. Qd2 Na5 14. Ba2 Bc6 15. Qd3 Bb7 16. Nd5 Nxd5 17. Bxd5 Bxd5 18. exd5 f5 19. Qd2 f4 20. Ba7 Ra8
0-1

[Event "the slow yearsend knockout"]
[Site "SchemingMind.com"]
[Date "2017.01.08"]
[Round "-"]
[White "greghghs"]
[Black "anne"]
[Result "1-0"]
[WhiteCountry "ENG"]
[BlackCountry "GER"]
[WhiteElo "2298"]
[WhiteRD "68"]
[BlackElo "2217"]
[BlackRD "82"]
[GameID "409041"]

1. d4 Nf6 2. c4 e6 3. Nf3 b6 4. a3 Bb7 5. Nc3 d5 6. cxd5 Nxd5 7. Qc2 Be7 8. e4 Nxc3 9. bxc3 O-O 10. Bd3 c5
11. O-O Qc7 12. Qe2 Nd7 13. Rd1 Rfd8 14. h4 h6 15. g3 Bd6 16. a4 Rac8 17. Bb2 e5 18. d5 c4 19. Bc2 f5 20. exf5 Nf6
21. Nd2 Bxd5 22. Ne4 Be7 23. f3 Qc6 24. Nxf6+ Bxf6 25. Rf1 Re8 26. Rae1 Rcd8 27. Kg2 a6 28. Kh3 b5 29. axb5 axb5 30. g4 Be7
31. Bc1 b4 32. cxb4 Bxb4 33. Rd1 c3 34. Rxd5 Qxd5 35. g5 h5 36. Be4 Qc5 37. Be3 Qd6 38. Qa2+ Kf8 39. g6 Rd7= 40. Rg1 c2
41. Qxc2 Rc7 42. Qb3 Bc5 43. Rd1 Bd4 44. Bd2 Qb6 45. Qa2 Qd6 46. Ba5 Rb8 47. Bxc7 Qxc7 48. Rc1 Qa7 49. Qxa7 Bxa7 50. Rc7 Be3
51. f6 Bh6 52. Rf7+ Kg8 53. Bd5 gxf6 54. Rb7+ Kf8 55. Rxb8+ Ke7 56. Rb7+
1-0

[Event "the slow yearsend knockout"]
[Site "SchemingMind.com"]
[Date "2017.01.07"]
[Round "-"]
[White "anne"]
[Black "greghghs"]
[Result "1/2-1/2"]
[WhiteCountry "GER"]
[BlackCountry "ENG"]
[WhiteElo "2213"]
[WhiteRD "74"]
[BlackElo "2235"]
[BlackRD "60"]
[GameID "409042"]

1. c4 c6 2. Nf3 d5 3. e3 Nf6 4. Nc3 e6 5. d4 a6 6. b3 Bb4 7. Bd2 O-O 8. Bd3 Nbd7 9. O-O Bd6 10. Qc2 h6
11. Rac1 Re8 12. Rfe1 c5 13. cxd5 exd5 14. e4 dxe4 15. Nxe4 Nxe4 16. Bxe4 Nf6 17. dxc5 Bxc5 18. Bh7+ Nxh7 19. Qxc5 Bg4 20. Ba5 Rxe1+
21. Rxe1 Qc8 22. Qe3 Nf6 23. h3 Nd5 24. Qd3 Bxf3 25. Qxf3 Qc5 26. Rd1 Qxa5 27. Qxd5 Qxd5 28. Rxd5 Rc8 29. Rd7 Rc1+ 30. Kh2 Rc2
31. Rxb7 Rxa2 32. f3 g5 33. h4 gxh4 34. Rb4 Rb2 35. Rxh4 Kg7 36. Rg4+ Kf6 37. b4 Kf5 38. Kg3 Rb1 39. Rf4+=
1/2-1/2

[Event "the slow yearsend knockout"]
[Site "SchemingMind.com"]
[Date "2017.01.17"]
[Round "-"]
[White "abuteague"]
[Black "Robert Bruce"]
[Result "0-1"]
[WhiteCountry "USA"]
[BlackCountry "SCO"]
[WhiteElo "1600"]
[WhiteRD "70"]
[BlackElo "2362"]
[BlackRD "69"]
[GameID "409251"]

1. d4 Nf6 2. Bg5 Ne4 3. Bf4 Nc6 4. f3 Nf6 5. e4 d6 6. Be3 e6 7. Nc3 a6 8. Qd2 Be7 9. Bc4 O-O 10. O-O-O d5
11. exd5 exd5 12. Bb3 Na5 13. g4 Nxb3+ 14. axb3 a5 15. h4 c6 16. h5 b5 17. g5 Ne8 18. g6 h6 19. Bxh6 a4 20. gxf7+ Rxf7
21. Be3 axb3 22. Qg2 bxc2 23. Rd2 b4 24. Kxc2 bxc3 25. Kxc3 Qa5+ 26. Kc2 Qa4+
0-1

[Event "the slow yearsend knockout"]
[Site "SchemingMind.com"]
[Date "2017.01.17"]
[Round "-"]
[White "Robert Bruce"]
[Black "abuteague"]
[Result "1-0"]
[WhiteCountry "SCO"]
[BlackCountry "USA"]
[WhiteElo "2362"]
[WhiteRD "69"]
[BlackElo "1600"]
[BlackRD "70"]
[GameID "409252"]

1. f4 f5 2. e4 fxe4 3. d3 exd3 4. Bxd3 Nf6 5. Nf3 e6 6. Ng5 g6 7. Nxh7 Rxh7 8. Bxg6+ Rf7 9. g4 Qe7 10. g5 Nd5
11. c4 Nb6 12. h4 Kd8 13. Bxf7 Qxf7 14. h5 Qf5 15. h6 Qe4+ 16. Kf2 Bc5+ 17. Kg3 Be3 18. Bxe3 Qxe3+ 19. Qf3 Qd4 20. h7 Qh8
21. Qc3
1-0

[Event "the slow yearsend knockout"]
[Site "SchemingMind.com"]
[Date "2017.01.23"]
[Round "-"]
[White "Quaff"]
[Black "chesshub"]
[Result "0-1"]
[WhiteCountry "ENG"]
[BlackCountry "FRA"]
[WhiteElo "1566"]
[WhiteRD "67"]
[BlackElo "2570"]
[BlackRD "87"]
[GameID "409534"]

1. e4 c5 2. f4 d5 3. e5 Nc6 4. Nf3 Nh6 5. Be2 Bf5 6. d3 e6 7. O-O Be7 8. h3 f6 9. Nc3 Bg6 10. exf6 gxf6
11. f5 Nxf5 12. Bf4 e5 13. Bd2 Qd7 14. Qe1 Rg8 15. a3 O-O-O 16. Na2 Bf7 17. b4 Be6 18. b5 Ncd4 19. Nxd4 Nxd4 20. b6 Bxh3
21. Rf2 Bxg2 22. Rxg2 Rxg2+ 23. Kxg2 Rg8+ 24. Kf2 Qf5+
0-1

[Event "the slow yearsend knockout"]
[Site "SchemingMind.com"]
[Date "2017.02.11"]
[Round "-"]
[White "Janusz Szopa"]
[Black "dadshane2000"]
[Result "1-0"]
[WhiteCountry "POL"]
[BlackCountry "USA"]
[WhiteElo "2191"]
[WhiteRD "74"]
[BlackElo "1886"]
[BlackRD "84"]
[GameID "410412"]

1. e4 e5 2. Nf3 Nc6 3. Bc4 Nf6 4. d4 exd4 5. O-O Nxe4 6. Re1 d5 7. Bxd5 Qxd5 8. Nc3 Qa5 9. Nxe4 Be6 10. Neg5 O-O-O
11. Nxe6 fxe6 12. Rxe6 Bd6 13. Bg5 Rde8 14. Qe2 Kd7 15. Re1 Qxe1+ 16. Nxe1 Rxe6 17. Qg4 Re8 18. Nf3 Ne5 19. Qxd4 Nxf3+ 20. gxf3 Rg6
21. Qg4+ Kc6 22. Kf1 Rge6 23. Qa4+ Kb6 24. Qb3+ Kc6= 25. Qc3+ Kb6 26. Be3+ c5 27. b4 Rc8 28. bxc5+ Bxc5 29. Qb3+
1-0

[Event "the slow yearsend knockout"]
[Site "SchemingMind.com"]
[Date "2017.02.10"]
[Round "-"]
[White "dadshane2000"]
[Black "Janusz Szopa"]
[Result "0-1"]
[WhiteCountry "USA"]
[BlackCountry "POL"]
[WhiteElo "1886"]
[WhiteRD "84"]
[BlackElo "2191"]
[BlackRD "74"]
[GameID "410413"]

1. e4 d6 2. d4 Nf6 3. Nc3 g6 4. g3 Bg7 5. Bg2 O-O 6. Nge2 Nbd7 7. O-O e5 8. h3 b6 9. Be3 Bb7 10. Qd2 exd4
11. Nxd4 Nc5 12. f3 d5 13. e5 Nfd7 14. f4 a6 15. Nxd5 Nxe5 16. Ne7+ Qxe7 17. Bxb7 Nc4
0-1

[Event "the slow yearsend knockout"]
[Site "SchemingMind.com"]
[Date "2017.02.16"]
[Round "-"]
[White "nikita68"]
[Black "black cloud"]
[Result "1-0"]
[WhiteCountry "RUS"]
[BlackCountry "ENG"]
[WhiteElo "2366"]
[WhiteRD "101"]
[BlackElo "1812"]
[BlackRD "88"]
[GameID "410604"]

1. e4 e6 2. d4 d5 3. Nc3 Bb4 4. e5 Ne7 5. a3 Bxc3+ 6. bxc3 c5 7. Qg4 cxd4 8. Qxg7 Rg8 9. Qxh7 Qc7 10. Ne2 Nbc6
11. f4 dxc3 12. Qd3 d4 13. Nxd4 Nxd4 14. Qxd4 Bd7 15. Rg1 Nf5 16. Qf2 Qc6 17. Bd3 Qd5 18. Bxf5 exf5 19. Be3 O-O-O 20. Rd1 Qa2
21. Bc5 Bc6 22. Bd6 Rg6 23. Qxa7 Rgxd6 24. Rxd6 Qb1+ 25. Kf2 Qxc2+ 26. Kg3 Rg8+ 27. Kh4 Rh8+ 28. Kg5 Rg8+ 29. Kf6 Rg6+ 30. Kxf7 Rxd6
31. exd6 Kd7 32. Qb8 Qb3+ 33. Kf8 Qxa3 34. Qc7+ Ke6 35. Qf7+ Kxd6 36. Qe7+ Kd5 37. Qxa3
1-0

[Event "the slow yearsend knockout"]
[Site "SchemingMind.com"]
[Date "2017.02.15"]
[Round "-"]
[White "black cloud"]
[Black "nikita68"]
[Result "0-1"]
[WhiteCountry "ENG"]
[BlackCountry "RUS"]
[WhiteElo "1812"]
[WhiteRD "88"]
[BlackElo "2366"]
[BlackRD "101"]
[GameID "410605"]

1. Nf3 d5 2. g3 c6 3. Bg2 Nf6 4. O-O Bf5 5. d3 Nbd7 6. Nbd2 e5 7. Re1 Bd6 8. e4 Bg4 9. h3 Bxf3 10. Nxf3 O-O
11. exd5 cxd5 12. b3 Re8 13. Bb2 Qb6 14. c4 e4 15. dxe4 dxe4 16. Bd4 Bc5 17. Bxc5 Nxc5 18. Nd4 Rad8 19. Qd2 Ne6
0-1

[Event "the slow yearsend knockout"]
[Site "SchemingMind.com"]
[Date "2017.03.17"]
[Round "-"]
[White "Juan Jose Rivas Maceda"]
[Black "fu_manchu"]
[Result "1-0"]
[WhiteCountry "PER"]
[BlackCountry "CAN"]
[WhiteElo "2563"]
[WhiteRD "82"]
[BlackElo "1879"]
[BlackRD "69"]
[GameID "411921"]

1. e4 c5 2. Nf3 Nc6 3. Bb5 e6 4. O-O Nge7 5. c3 a6 6. Ba4 b5 7. Bc2 Ng6 8. d4 d6 9. d5 Nce5 10. Nxe5 dxe5
11. a4 b4 12. a5 Be7 13. Ba4+ Bd7 14. d6 Bxa4 15. Qxa4+ Qd7 16. dxe7
1-0

[Event "the slow yearsend knockout"]
[Site "SchemingMind.com"]
[Date "2017.03.17"]
[Round "-"]
[White "fu_manchu"]
[Black "Juan Jose Rivas Maceda"]
[Result "0-1"]
[WhiteCountry "CAN"]
[BlackCountry "PER"]
[WhiteElo "1865"]
[WhiteRD "73"]
[BlackElo "2572"]
[BlackRD "82"]
[GameID "411922"]

1. d4 Nf6 2. c4 e6 3. g3 d5 4. Bg2 dxc4 5. Nf3 a6 6. O-O Nc6 7. Nc3 Rb8 8. e4 Be7 9. d5 exd5 10. exd5 Nb4
11. Ne5 Bf5 12. Nxc4 O-O 13. Ne3 Bg6 14. a3 Nd3 15. Bh3 c5 16. Bf5 Nxc1 17. Rxc1 b5 18. Bxg6 hxg6 19. Re1 Qd7 20. Qf3 c4
21. Rcd1 Bc5 22. Ne4 Nxe4 23. Qxe4 Rfe8 24. Qg4 Qxg4 25. Nxg4 Rxe1+ 26. Rxe1 Bd4 27. Re2 Rd8 28. Ne5 Rxd5 29. Nc6 Bf6 30. Re8+ Kh7
31. Nb4 Rd1+ 32. Kg2 Bxb2 33. Nxa6 Bxa3 34. Nc7 c3 35. Nxb5 c2 36. Rc8 c1=Q
0-1

[Event "the slow yearsend knockout"]
[Site "SchemingMind.com"]
[Date "2017.03.25"]
[Round "-"]
[White "chesshub"]
[Black "Robert Bruce"]
[Result "1-0"]
[WhiteCountry "FRA"]
[BlackCountry "SCO"]
[WhiteElo "2627"]
[WhiteRD "81"]
[BlackElo "2339"]
[BlackRD "74"]
[GameID "412030"]

1. d4 f5 2. g3 Nf6 3. Bg2 g6 4. Nf3 Bg7 5. O-O O-O 6. c4 d6 7. Nc3 c6 8. b3 e5 9. dxe5 dxe5 10. Ba3 Re8
11. Qxd8 Rxd8 12. Nxe5 Re8 13. Bd6 Ne4 14. Nxe4 fxe4 15. Rad1 Na6 16. f4 exf3 17. Nxf3 Bg4 18. b4 Rac8 19. b5 Nb8 20. Nd4 Rcd8
21. c5 Bxd4+ 22. Rxd4 Bxe2 23. Ra1 Bxb5 24. h4 Rd7 25. a4 Ba6 26. Bh3 Rg7 27. Bf4 Rge7 28. Ra2 b5 29. Bd6 Rg7 30. Rb4 Nd7
31. Bg2 Re1+ 32. Kf2 Rc1 33. Bxc6 Nxc5 34. Bd5+ Kh8 35. Rd2 Rc3 36. Be5 Nd3+ 37. Rxd3 Rxd3 38. Be6 Rd2+ 39. Ke3 Rd1 40. Rf4 h5
41. Ke2 Rb1 42. Rf7 bxa4+ 43. Kd2 Rb7 44. Bxg7+ Kh7 45. Be5+ Rxf7 46. Bxf7 Bf1 47. Kc3 Bg2 48. Kb4 Kh6 49. Bf6 a6 50. Kxa4 a5
51. Kxa5 Ba8 52. Kb4
1-0

[Event "the slow yearsend knockout"]
[Site "SchemingMind.com"]
[Date "2017.03.25"]
[Round "-"]
[White "Robert Bruce"]
[Black "chesshub"]
[Result "1/2-1/2"]
[WhiteCountry "SCO"]
[BlackCountry "FRA"]
[WhiteElo "2339"]
[WhiteRD "74"]
[BlackElo "2627"]
[BlackRD "81"]
[GameID "412031"]

1. d4 Nf6 2. Nf3 d5 3. e3 e6 4. Bd3 c5 5. b3 b6 6. Bb2 Bb7 7. O-O Nc6 8. Nbd2 Be7 9. Ne5 O-O 10. Nxc6 Bxc6
11. dxc5 Bxc5 12. Qe2 Bb7 13. Rfd1 Qe7 14. Nf3 Ba3 15. Bxa3 Qxa3 16. c3 Rac8 17. Rac1 Rc7 18. Ne5 Rfc8 19. c4 b5 20. Rc2 bxc4
21. bxc4 Qd6 22. f4 g6 23. Rdc1 dxc4 24. Bxc4 Be4 25. Bd3 Bxd3 26. Nxd3 Nd5 27. Rxc7 Rxc7 28. Qe1 h5 29. Rxc7 Qxc7 30. Qd2 Qc4
31. h3 a5 32. Kh2 Qe4 33. Nc5 Qxe3 34. Qxe3 Nxe3 35. Kg3 Kf8 36. Kf3 Nc4 37. Ke4 h4 38. a4 Ke7 39. Kd3 Nb6 40. Kd4 f6
41. Ke4 Kd6 42. Nb7+ Kc7 43. Nxa5 Nxa4 44. Nb3 Kd6 45. Kf3 Kd5 46. Nd2 Nc3 47. Ke3 Kd6 48. Kd3 Nd5 49. Ke4 Ne7 50. Nc4+ Kc6
51. Na5+ Kc5 52. Nb7+=
1/2-1/2

[Event "the slow yearsend knockout"]
[Site "SchemingMind.com"]
[Date "2017.05.02"]
[Round "-"]
[White "frankly"]
[Black "greghghs"]
[Result "1/2-1/2"]
[WhiteCountry "ENG"]
[BlackCountry "ENG"]
[WhiteElo "2543"]
[WhiteRD "62"]
[BlackElo "2350"]
[BlackRD "71"]
[GameID "413538"]

1. e4 c6 2. d4 d5 3. e5 Bf5 4. Nf3 e6 5. Be2 c5 6. Be3 cxd4 7. Nxd4 Ne7 8. Nd2 Nbc6 9. N2f3 Bg4 10. O-O Bxf3
11. Nxf3 Ng6 12. c4 dxc4 13. Bxc4 Qc7 14. Qb3 Be7 15. Be2 O-O 16. Rac1 Rfd8 17. g3 Qb8 18. Rfd1 Ngxe5 19. Nxe5 Nxe5 20. Rxd8+ Bxd8
21. a4 g6 22. Kg2 Bf6 23. h4 Nc6 24. Bf3 Qc8 25. Qb5 a6 26. Qb6 Bd8 27. Qb3 Bf6 28. h5 Qd7 29. h6 Rd8 30. Qb6 Nd4
31. Qxb7 Qxa4 32. Rc7 Qe8 33. b4 Nxf3 34. Kxf3 Be5 35. Rc4 Qa4 36. Kg2 Qb5 37. Qxb5=
1/2-1/2

[Event "the slow yearsend knockout"]
[Site "SchemingMind.com"]
[Date "2017.05.02"]
[Round "-"]
[White "greghghs"]
[Black "frankly"]
[Result "1/2-1/2"]
[WhiteCountry "ENG"]
[BlackCountry "ENG"]
[WhiteElo "2350"]
[WhiteRD "71"]
[BlackElo "2543"]
[BlackRD "62"]
[GameID "413539"]

1. d4 Nf6 2. c4 e6 3. Nc3 Bb4 4. e3 O-O 5. Nf3 d5 6. Bd3 c5 7. O-O Nc6 8. a3 Bxc3 9. bxc3 Qc7 10. Bb2 dxc4
11. Bxc4 e5 12. h3 Bf5 13. Bb5 Rfd8 14. Bxc6 exd4 15. cxd4 Qxc6 16. Qe2 Rac8 17. Rfc1 b6 18. dxc5 bxc5 19. Nd4 Qd5 20. Nxf5 Qxf5
21. Bxf6 Qxf6 22. Ra2 g6 23. Rac2 Qe5 24. g3 Rd5 25. Kh2 Kg7 26. Rc4 Rb8 27. Rf4 Qd6 28. Qc4 f6 29. Kg2 Rg5 30. h4 Re5
31. Qc3 Qc6+ 32. Kg1 Rd8 33. Rc4 Rd7 34. Qc2 h5 35. Qa4=
1/2-1/2

[Event "the slow yearsend knockout"]
[Site "SchemingMind.com"]
[Date "2017.05.29"]
[Round "-"]
[White "Janusz Szopa"]
[Black "nikita68"]
[Result "1/2-1/2"]
[WhiteCountry "POL"]
[BlackCountry "RUS"]
[WhiteElo "2256"]
[WhiteRD "74"]
[BlackElo "2361"]
[BlackRD "70"]
[GameID "414478"]

1. e4 e5 2. Nf3 Nf6 3. d4 Nxe4 4. Bd3 d5 5. Nxe5 Nd7 6. Qe2 Nxe5 7. Bxe4 dxe4 8. Qxe4 Be6 9. Qxe5 Qd7 10. O-O Bd6
11. Qe2 O-O 12. Be3 f5 13. f4 Qc6 14. b3 b5 15. a4 b4 16. Nd2 Bd5 17. Nc4 Qa6 18. Qd3 Rfe8 19. Rae1 Re4 20. h3 Rae8
21. Ne5 Bb7 22. Kh2 Qa5 23. Rf2 Qd5 24. Rd2 a5 25. Qe2 Be7 26. Qf1 Bh4 27. g3 Bf6 28. Qe2 Rd8 29. Qf2 Re8 30. Qe2 Rd8=
1/2-1/2

[Event "the slow yearsend knockout"]
[Site "SchemingMind.com"]
[Date "2017.05.29"]
[Round "-"]
[White "nikita68"]
[Black "Janusz Szopa"]
[Result "1-0"]
[WhiteCountry "RUS"]
[BlackCountry "POL"]
[WhiteElo "2410"]
[WhiteRD "64"]
[BlackElo "2268"]
[BlackRD "74"]
[GameID "414479"]

1. e4 e6 2. d4 d5 3. Nc3 Bb4 4. e5 c5 5. a3 Bxc3+ 6. bxc3 Ne7 7. Qg4 Qc7 8. Bd3 cxd4 9. Ne2 dxc3 10. Qxg7 Rg8
11. Qxh7 Qxe5 12. Bf4 Qf6 13. h4 Rxg2 14. Kf1 Rg8 15. Bg5 Qh8 16. Qxh8 Rxh8 17. Bf6 Rg8 18. Bh7 Nd7 19. Bxc3 Rg4 20. f3 Nf8
21. fxg4 Nxh7 22. g5 Bd7 23. Rb1 b6 24. Rg1 Ba4 25. Rb2 Rc8 26. h5 Nf8 27. Ke1 Nd7 28. Rg4 b5 29. h6 e5 30. Rh4 Ng6
31. h7 Ke7 32. Rh6 Ke6 33. Bd2 d4 34. Ng3 Rh8 35. c3 Nc5 36. Rb1 a6 37. cxd4 Bc2 38. Ra1 exd4 39. Bb4 Nb3 40. Ra2 d3
41. Bc3 Rc8 42. Rxg6+ fxg6 43. Nf1 Kd5 44. h8=Q Rxh8 45. Bxh8 Ke4 46. Nd2+ Nxd2 47. Kxd2 Bb3 48. Rb2 Bc4 49. a4 Kd5 50. axb5
1-0

[Event "the slow yearsend knockout"]
[Site "SchemingMind.com"]
[Date "2017.07.25"]
[Round "-"]
[White "chesshub"]
[Black "frankly"]
[Result "1/2-1/2"]
[WhiteCountry "FRA"]
[BlackCountry "ENG"]
[WhiteElo "2606"]
[WhiteRD "80"]
[BlackElo "2526"]
[BlackRD "63"]
[GameID "416715"]

1. c4 e5 2. Nc3 Nf6 3. Nf3 Nc6 4. e3 Bb4 5. Qc2 d6 6. Be2 O-O 7. O-O Bxc3 8. Qxc3 Ne4 9. Qc2 Bf5 10. d3 Nc5
11. Qd1 a5 12. d4 Nd7 13. b3 Re8 14. d5 Nb4 15. Ne1 e4 16. Bb2 Nc5 17. Bd4 c6 18. Qd2 h6 19. Bc3 cxd5 20. cxd5 Nbd3
21. Bd4 Rc8 22. f3 Ne5 23. Rd1 b6 24. f4 Ned3 25. g4 Bd7 26. Nxd3 Nxd3 27. Bxd3 exd3 28. Qxd3 Bxg4 29. Rde1 f5 30. Rc1 Qh4
31. Rc6 Bh3 32. Rfc1 Rxc6 33. dxc6 Kh7 34. e4 Re6 35. Kh1 Rg6 36. Rg1 Rxg1+ 37. Bxg1 Qh5 38. Bxb6 Qg4 39. Qg3 Qd1+ 40. Bg1 Bg4
41. h4 Qe2 42. Bb6 Qxe4+ 43. Kh2 Qxc6 44. Bxa5 Qa6 45. Qe1 d5 46. Bc3 Qxa2+ 47. Qd2 Qxb3 48. Qd4 Qb7 49. Qe5 Qf7 50. Qe3 Bd1
51. Qg1 Ba4 52. Qd4 Be8 53. Qg1 Ba4 54. Bd4 Qe7 55. Kh3 Qc7 56. Be5 Qb7 57. Qa1 Be8 58. Qb2 Qd7 59. Qb6 Bh5 60. Qc7 Qxc7
61. Bxc7 d4 62. Kg3 d3=
1/2-1/2

[Event "the slow yearsend knockout"]
[Site "SchemingMind.com"]
[Date "2017.07.25"]
[Round "-"]
[White "frankly"]
[Black "chesshub"]
[Result "1-0"]
[WhiteCountry "ENG"]
[BlackCountry "FRA"]
[WhiteElo "2543"]
[WhiteRD "60"]
[BlackElo "2614"]
[BlackRD "80"]
[GameID "416716"]

1. d4 Nf6 2. c4 g6 3. Nc3 d5 4. cxd5 Nxd5 5. e4 Nxc3 6. bxc3 Bg7 7. Rb1 O-O 8. Be2 c5 9. Nf3 Nc6 10. d5 Ne5
11. Nxe5 Bxe5 12. Qd2 e6 13. f4 Bc7 14. O-O exd5 15. exd5 Ba5 16. d6 Rb8 17. Ba3 Bf5 18. Rbd1 b6 19. h3 Bd7 20. f5 Bxf5
21. d7 Qe7 22. Bg4 Be4 23. Bf3 Rbd8 24. Bxe4 Qxe4 25. Rfe1 Qc6 26. Bc1 b5 27. Re7 c4 28. Kh1 Qc5 29. Rde1 Bc7 30. Re8 f6
31. R1e6 g5 32. Qd1 b4 33. Qh5 Qf5 34. Be3
1-0

[Event "the slow yearsend knockout"]
[Site "SchemingMind.com"]
[Date "2017.10.10"]
[Round "-"]
[White "Juan Jose Rivas Maceda"]
[Black "nikita68"]
[Result "1-0"]
[WhiteCountry "PER"]
[BlackCountry "RUS"]
[WhiteElo "2456"]
[WhiteRD "83"]
[BlackElo "2402"]
[BlackRD "63"]
[GameID "419403"]

1. d4 Nf6 2. c4 e6 3. Nf3 d5 4. Nc3 dxc4 5. e4 Bb4 6. Bxc4 Nxe4 7. O-O Bxc3 8. bxc3 Nxc3 9. Qb3 Nd5 10. Ba3 f6
11. Rae1 c6 12. Nh4 Kf7 13. Nf5 exf5 14. Re7+ Kg6 15. Qg3+
1-0

[Event "the slow yearsend knockout"]
[Site "SchemingMind.com"]
[Date "2017.10.10"]
[Round "-"]
[White "nikita68"]
[Black "Juan Jose Rivas Maceda"]
[Result "0-1"]
[WhiteCountry "RUS"]
[BlackCountry "PER"]
[WhiteElo "2386"]
[WhiteRD "70"]
[BlackElo "2482"]
[BlackRD "90"]
[GameID "419404"]

1. d4 d5 2. c4 Nf6 3. cxd5 Nxd5 4. e4 Nb6 5. Nc3 e5 6. d5 c6 7. Nf3 cxd5 8. Nxe5 Bb4 9. Bb5+ N8d7 10. Bxd7+ Bxd7
11. O-O Bxc3 12. Nxd7 Qxd7 13. bxc3 dxe4 14. Qxd7+ Kxd7 15. Rd1+ Kc6 16. Be3 Rhd8 17. Rd4 Rxd4 18. Bxd4 g6 19. Re1 f5 20. f3 Re8
21. fxe4 Rxe4 22. Rxe4 fxe4 23. Kf2 Kd5 24. Ke3 Nc4+ 25. Kf4 a5 26. g4 b5 27. h4 a4 28. Ba7 Nd2 29. Kg5 Nf3+ 30. Kh6 Nxh4
31. Kxh7 g5 32. Be3 Nf3
0-1

[Event "the slow yearsend knockout"]
[Site "SchemingMind.com"]
[Date "2018.01.19"]
[Round "-"]
[White "Juan Jose Rivas Maceda"]
[Black "frankly"]
[Result "1/2-1/2"]
[WhiteCountry "PER"]
[BlackCountry "ENG"]
[WhiteElo "2482"]
[WhiteRD "90"]
[BlackElo "2655"]
[BlackRD "61"]
[GameID "423456"]

1. d4 Nf6 2. c4 e6 3. Nf3 b6 4. g3 Ba6 5. b3 d5 6. Bg2 dxc4 7. Ne5 Bb4+ 8. Kf1 Bd6 9. Nxf7 Kxf7 10. Bxa8 c6
11. bxc4 Bc5 12. Bb2 e5 13. Nd2 Bxd4 14. Bxd4 Qxd4 15. Nf3 Qxd1+ 16. Rxd1 Ke6 17. Ng5+=
1/2-1/2

[Event "the slow yearsend knockout"]
[Site "SchemingMind.com"]
[Date "2018.01.19"]
[Round "-"]
[White "frankly"]
[Black "Juan Jose Rivas Maceda"]
[Result "1/2-1/2"]
[WhiteCountry "ENG"]
[BlackCountry "PER"]
[WhiteElo "2669"]
[WhiteRD "65"]
[BlackElo "2494"]
[BlackRD "98"]
[GameID "423457"]

1. e4 e5 2. Nf3 Nc6 3. Bb5 a6 4. Ba4 Nf6 5. O-O Be7 6. Re1 b5 7. Bb3 O-O 8. h3 Bb7 9. d3 d5 10. exd5 Nxd5
11. Nbd2 Qd7 12. Nf1 Bc5 13. a4 Rae8 14. axb5 axb5 15. c3 Bb6 16. Bxd5 Qxd5 17. Be3 Qd7 18. Bxb6 cxb6 19. Ne3 Rd8 20. Nc2 Qd5
21. d4 exd4 22. Ncxd4 b4 23. Re3 bxc3 24. bxc3 Rd6 25. Qf1 Rg6 26. Rd1=
1/2-1/2